Normal view MARC view
  • Distrito Federal (México)

Entry Nombre Geográfico

Number of records used in: 8

001 - NÚMERO DE CONTROL

  • campo de control: 19416

003 - IDENTIFICADOR DE NUMERO DE CONTROL

  • campo de control: UPN

005 - FECHA Y HORA DE LA ÜLTIMA TRANSACCIÓN

  • campo de control: 20230919133324.0

008 - DATOS DE LONGITUD FIJA

  • campo de control de longitud fija: 230504nn fnnnnbaba n ana |d

035 ## - NÚMERO DE CONTROL

  • Número de control: UPN10000019425

040 ## - FUENTE DE CATALOGACIÓN

  • Lenguaje de catalogación: spa
  • Agencia de catalogación original: MX-MxUPN

151 ## - ENCABEZAMIENTO - NOMBRE GEOGRÁFICO

  • Nombre geográfico: Distrito Federal (México)
  • Subdivisión general : Historia

451 ## - VER DESDE EL RASTREO--NOMBRE GEOGRÁFICO

  • Geographic name: México (D.F.)
  • General subdivision: Historia
  • Control subfield: nno

670 ## - FUENTE EN LA QUE SE LOCALIZARON DATOS

  • Cita de la fuente: Escamilla Gonzalez, G. Lista de encabezamientos de materia, 1998:
  • Información localizada: página 566 (México (D.F.) -- Historia)

670 ## - FUENTE EN LA QUE SE LOCALIZARON DATOS

  • Cita de la fuente: Autoridades BGTQ, 19 septiembre 2023 :
  • Información localizada: (Distrito Federal (México))

670 ## - FUENTE EN LA QUE SE LOCALIZARON DATOS

  • Cita de la fuente: Autoridades BGTQ, 19 septiembre 2023 :
  • Información localizada: (Subdivisión general: Historia)

902 ## - CATALOGADOR

  • Catalogador: PN/230798
  • Catalogador: VíctorGodínez/190923